01400nam a2200241Ia 450000100060000000300090000600800410001504000130005604000130006904100130008210000370009510000290013224500790016124500780024025000110031826000120032926000100034126000490035130000570040050006450045765000250110265000310112774204IT-RoPAU130308s9999 xx 000 0 und d aIT-RoPAU cIT-RoPAU aITALIANO aBollettieri Bosinelli Rosa Maria gCodice Aut. SPICS: 25835 aQuando parlano le metafore-Viaggio nella pubblicità televisiva americana bQuando parlano le Metafore-Viaggio nella Pubblicita' televisiva Americana a1a ed. aBOLOGNA bClueb c1988 [1° Ed.:1988 - Ed.Ling.Originale:1988] a"152 p. (prefazione: no ; testo: 152 [pagine: 0-0])" aMetafora Problema Definitorio scelta di un Punto di Vista spot e Metafora Metafora Come Strumento di Economia Linguistica Messaggio pubblicitario livelli di significazione Categorie Merceologiche Metafora nella Comunicazionepubblicitaria: dal brand Name Allo slogan Lo slogan e I campi Metaforici Metafora nella Comunicazione Pubblicitaria:Aspetti di una Grammatica Metaforedefinitorie e Nominali Elementi di coesione Anaforica nelle metafore Nominali Preposizioni e Particelle Avverbiali Metaforiche metafore Verbali Metafora del Pronome Personale Parola immagine Suono immagine Fra Metaforizzazione e Demetaforizzazione commento Musicale aSAGGI DI PUBBLICITA' eCodice materia Spics: 6211